000 01330cam a22003494a 4500
001 14423923
003 OSt
005 20231018131937.0
008 060622s2007 nyua 001 0 eng
010 _a 2006046596
020 _a0071448748
035 _a(OCoLC)ocm70259038
040 _aDNLM/DLC
_cDLC
_dYDX
_dBAKER
_dBTCTA
_dYDXCP
_dDLC
042 _apcc
050 0 0 _aRG141
_b.F45 2007
082 0 0 _aW 18 F297f 2002
_222
100 _aLatha G. Stead; [et...al]
_916796
245 0 0 _aFirst aid for the Obstetrics & Gynecology Clerkship
250 _a2nd ed.
260 _aNew York;
_bMcGraw-Hill,
_cc2007.
300 _axi, 291 p. :
_bill. ;
_c28 cm.
500 _aRev. ed. of: First aid for the obstetrics and gynecology clerkship / authors, Robert Feig, Nicole Collette Johnson. 2001.
500 _aIncludes index.
650 0 _aObstetrics
_93892
650 0 _aGynecology
_93893
650 1 2 _aClinical Clerkship.
_92932
856 4 2 _3Contributor biographical information
_uhttp://www.loc.gov/catdir/enhancements/fy0665/2006046596-b.html
856 4 2 _3Publisher description
_uhttp://www.loc.gov/catdir/enhancements/fy0665/2006046596-d.html
906 _a7
_bcbc
_corignew
_d1
_eocip
_f20
_gy-gencatlg
942 _2z
_cSLOAN
999 _c1475
_d1475